000 00655nam a2200241 i 4500
001 C2-0287694
003 PPAK
005 20180728020951.0
008 080226s1989 nyua|||| ||||| | eng d
020 _a0007767579
040 _aPPAK
_beng
_cPPAK
_erda
082 0 4 _a428.6
_223
090 0 0 _a428.6
_bSEU
_dLCK
100 0 _aSeuss,
_cDr.
_eauthor
245 1 4 _aThe sneetches and other stories
264 1 _aNew York :
_bRandom House, Inc. ,
_c1989
300 _a[53 pages] :
_bcolour illustrations ;
_c23 cm
336 _2rdacontent
_atext
337 _2rdamedia
_aunmediated
338 _2rdacarrier
_avolume
650 1 0 _aReaders
942 _ddc
_cB
999 _c93383
_d93383